000 00380pab a2200157 454500
008 180718b2011 xxu||||| |||| 00| 0 eng d
100 _aGraham, Farrah Stone
245 _aExamining open government at the education department
260 _c2011
300 _ap.50-53.
362 _aWinter
650 _aEducation
773 _aPublic Manager
908 _aN
909 _a95023
999 _c95023
_d95023